The classifying spaces for surgery and cobordism of manifolds

Αποθηκεύτηκε σε:
Λεπτομέρειες βιβλιογραφικής εγγραφής
Κύριος συγγραφέας: Madsen, I. H. (Ib Henning) 1942-
Άλλοι συγγραφείς: Milgram, R. James (jointauthor)
Μορφή: Βιβλίο
Γλώσσα:English
Δημοσίευση: Princeton, N.J. : Princeton University Press, 1979
Σειρά:Annals of mathematics studies ; ; 92
Θέματα:
Ετικέτες: Προσθήκη ετικέτας
Δεν υπάρχουν, Καταχωρήστε ετικέτα πρώτοι!

MARC

LEADER 00000cam a2200000 i 4500
001 1/41257
008 941103s1979 eng d
020 |a 0691082251  |c $25.00 
020 |a 069108226X  |c $10.75 
035 |l 10041458 
035 |a 1993  |c ΤΣΑΠΟΓΑΣ 
040 |a GR-MY-UA  |b gre  |e aacr 
041 0 |a eng 
082 0 |a 514.223 
100 1 |a Madsen, I. H.  |q (Ib Henning)  |d 1942- 
245 1 4 |a The classifying spaces for surgery and cobordism of manifolds /  |c by Ib Madsen and R. James Milgram 
260 |a Princeton, N.J. :   |b Princeton University Press,   |c 1979 
300 |a xii, 279 p.;  |c 25 cm 
490 1 |a Annals of mathematics studies  |v ; 92 
500 |a Includes index 
504 |a Bibliography: p. 263-273 
650 0 0 |a Manifolds (Mathematics) 
650 0 0 |a Classifying spaces. 
650 0 0 |a Surgery (Topology) 
650 0 0 |a Cobordism theory. 
700 1 |a Milgram, R. James.  |4 jointauthor 
830 0 |a Annals of mathematics studies ;  |v ; 92 
852 |a INST  |b SAMOS  |e 19941103  |h 514.223 MAD  |p 005300002823  |q 005300002823  |t BK  |y 0 
852 |a INST  |b SAMOS  |e 19941103  |h 514.223 MAD  |p 005300003843  |q 005300003843  |t BK  |y 0 
909 |a Σ  |b 030872 
909 |a Σ  |b 026407